000 00284nam a22001217a 4500
008 181105b xxu||||| |||| 00| 0 eng d
041 _aeng
080 _24th
_a510
100 _a36
101 _aMAT
245 _aElementary and Intermediate Algebra
_cBittinger,M.L
942 _2udc
_cBK
999 _c51807
_d51807